Mega portugués (Registro nro. 3091)

Detalles MARC
000 -CABECERA
Campo de control 00412nam a2200145 a 4500
090 ## - CLASIFICACIÓN LOCAL
Colección RE
Consecutivo 00027
041 ## - IDIOMA
Código de idioma para texto/pista de sonido o título separado Portugués
Código de idioma de la versión original y/o traducciones intermedias del texto Español
110 ## - ASIENTO PRINCIPAL--NOMBRE CORPORATIVO
Unidad subordinad Casa Editorial Sopena
245 ## - MENCION DE TITULO
Título Mega portugués
Parte restante del título portugés-español y espanhol-portugues
260 ## - PUBLICACION, DISTRIBUCION, ETC. (PIE DE IMPRENTA)
Lugar de publicación, distribución, etc. Barcelona
Nombre del editor, distribuidor, etc. Editorial Ramón Sopena S. A.
Fecha de publicación, distribución, etc. 2000
300 ## - DESCRIPCION FISICA
Extensión [1260 p.]
650 ## - ASIENTO SECUNDARIO DE MATERIA - TERMINO TEMATICO
Término temático o nombre geográfico como elemento de entrada Diccionarios
650 ## - ASIENTO SECUNDARIO DE MATERIA - TERMINO TEMATICO
Término temático o nombre geográfico como elemento de entrada Lengua portuguesa
942 ## - ELEMENTOS ADICIONALES (KOHA)
Tipo de ítem
Existencias
Withdrawn status Lost status Sistema de Clasificación Damaged status No para préstamo Colección Ubicación Permanente Ubicación actual Fecha de adquisición Fuente de Valor Total Checkouts Número topográfico Inventario / Código de Barras Date last seen Ejemplar Price effective from Forma de adquisición Tipo de material
    Local     Referencia Bogotá Bogotá 05/03/2003 CID Humboldt   RE-00027 005468 04/12/2012 Ej. 1 04/12/2012 Compra Referencia